| 000 | 00884cam a22002655a 4500 | ||
|---|---|---|---|
| 001 | 4471333 | ||
| 005 | 20160131160833.0 | ||
| 008 | 960607t1997 moua frb 001 0 eng d | ||
| 020 | _a0815113978 | ||
| 020 | _a9780815113973 | ||
| 040 |
_aDLC _cDLC _dDLC _dEG-ScBUE _beng |
||
| 082 | 0 | 4 |
_a616.0750151 _222 _bCAM |
| 100 | 1 |
_aCampbell, Joe Bill, _d1941- _939196 |
|
| 245 | 1 | 0 |
_aLaboratory mathematics : _bmedical and biological applications / _cJoe Bill Campbell, June Mundy Campbell. |
| 250 | _a5th ed. | ||
| 260 |
_aSt. Louis : _bMosby, _cc.1997. |
||
| 300 |
_axi, 480 p. : _bill. ; _c24 cm. |
||
| 500 | _aIndex : p. 463-480. | ||
| 504 | _aBibliography : p. 461. | ||
| 650 | 7 |
_aMedical laboratory technology _xMathematics. _2BUEsh _937149 |
|
| 651 | _2BUEsh | ||
| 653 |
_bPPhrm _cJuly2015 _cJanuary2016 |
||
| 700 | 1 |
_aCampbell, June Mundy, _d1933- |
|
| 942 |
_2ddc _e22 _k616.0750151 CAM |
||
| 999 |
_c20194 _d20166 |
||